000 00449nam a2200181Ia 4500
001 10253
005 20260306161818.0
008 260306t2019||||xx |||||||||||||| ||spa||
041 _aESP
082 _a909.83
_bH62
100 _aHobsbawm, Eric
_eAUT
245 0 _aUn tiempo de ruptura:
_bsociedad y cultura en el siglo XX
260 _c2019
300 _a306 páginas :
_c23 cm.
650 _aGEN
654 _aCHU
942 _cLIB
_dJUS
_fJUS
_2ddc
_n
999 _c10253
_d10253